| 000 -LEADER |
| fixed length control field |
01258cam a2200289 a 4500 |
| 001 - CONTROL NUMBER |
| control field |
2363023 |
| 003 - CONTROL NUMBER IDENTIFIER |
| control field |
OSt |
| 005 - DATE AND TIME OF LATEST TRANSACTION |
| control field |
20230602125940.0 |
| 008 - FIXED-LENGTH DATA ELEMENTS--GENERAL INFORMATION |
| fixed length control field |
220606s2017 xnaa b 000 0 eng d |
| 020 ## - INTERNATIONAL STANDARD BOOK NUMBER |
| International Standard Book Number |
9780143503118 |
| Qualifying information |
(pbk.) : |
| 040 ## - CATALOGING SOURCE |
| Original cataloging agency |
AU@ |
| Language of cataloging |
eng |
| Transcribing agency |
AU@ |
| Modifying agency |
OCLCO |
| -- |
OCLCF |
| -- |
OCLCA |
| -- |
NZHWP |
| -- |
OCL |
| -- |
OCLCQ |
| -- |
OCLCO |
| -- |
OCL |
| -- |
YDX |
| -- |
YDXIT |
| -- |
OCLCO |
| -- |
TCPL |
| -- |
KH8 |
| Description conventions |
aacr2 |
| 042 ## - AUTHENTICATION CODE |
| Authentication code |
nbic |
| 043 ## - GEOGRAPHIC AREA CODE |
| Geographic area code |
a-cc--- |
| -- |
u-at--- |
| 082 0# - DEWEY DECIMAL CLASSIFICATION NUMBER |
| Classification number |
792.8028092 LI |
| 100 1# - MAIN ENTRY--PERSONAL NAME |
| Personal name |
Li, Cunxin, |
| Dates associated with a name |
1961- |
| Relator term |
author |
| 245 14 - TITLE STATEMENT |
| Title |
The peasant prince / |
| Statement of responsibility, etc. |
Li Cunxin ; illustrated by Anne Spudvilas. |
| 260 ## - PUBLICATION, DISTRIBUTION, ETC. |
| Place of publication, distribution, etc. |
North Sydney, N.S.W. : |
| Name of publisher, distributor, etc. |
Penguin Random House Australia, |
| Date of publication, distribution, etc. |
2017. |
| 300 ## - PHYSICAL DESCRIPTION |
| Extent |
[40] p. : |
| Other physical details |
col. ill. ; |
| Dimensions |
29 cm. |
| 520 ## - SUMMARY, ETC. |
| Summary, etc. |
In a poor village in northern China, a small boy is chosen to be trained as a world-class ballet dancer But this will take him far away from his family and home, is he brave enough to follow his dreams? |
| 600 10 - SUBJECT ADDED ENTRY--PERSONAL NAME |
| Personal name |
Li, Cunxin, |
| Dates associated with a name |
1961- |
| 650 #0 - SUBJECT ADDED ENTRY--TOPICAL TERM |
| Topical term or geographic name entry element |
Ballet dancers |
| Geographic subdivision |
China |
| Form subdivision |
Biography |
| -- |
Juvenile literature. |
| 650 #0 - SUBJECT ADDED ENTRY--TOPICAL TERM |
| Topical term or geographic name entry element |
Defectors |
| Geographic subdivision |
China |
| Form subdivision |
Biography |
| -- |
Juvenile literature. |
| 650 #0 - SUBJECT ADDED ENTRY--TOPICAL TERM |
| Topical term or geographic name entry element |
Ballet dancers |
| Geographic subdivision |
Australia |
| Form subdivision |
Biography |
| -- |
Juvenile literature. |
| 650 #0 - SUBJECT ADDED ENTRY--TOPICAL TERM |
| Topical term or geographic name entry element |
Picture books for children. |
| 700 1# - ADDED ENTRY--PERSONAL NAME |
| Personal name |
Spudvilas, Anne, |
| Dates associated with a name |
1951- |
| Relator term |
Illustrator |
| 942 ## - ADDED ENTRY ELEMENTS (KOHA) |
| Source of classification or shelving scheme |
|
| Koha item type |
Books - Non Ficton |